| 000 | 00971nam a22002297a 4500 | ||
|---|---|---|---|
| 005 | 20230809174328.0 | ||
| 007 | cr | ||
| 008 | 230804b ||||| |||| 00| 0 spa d | ||
| 100 | 1 |
_917721 _aTheumer, Emmanuel |
|
| 245 | 1 | 0 |
_aCuerpos escolarizados : _bpensar los embates de la integración desde la educación genérico-sexual / _cEmmanuel Theumer y María Remedios García Muñoz |
| 260 |
_aSanta Fé: _bUniversidad Nacional del Litoral, _c2011 |
||
| 300 | _a12 p. | ||
| 500 | _aSemana de la Integración del 9 al 12 de Mayo de 2011 | ||
| 650 | 2 | 4 |
_97813 _aCUERPO |
| 650 | 2 | 7 |
_93409 _aESCUELA _2unescot |
| 650 | 2 | 0 |
_2unescot _95394 _aGENERO |
| 700 | 1 |
_917722 _aGarcía Muñoz, María Remedios |
|
| 710 | 1 |
_917723 _aCongreso Internacional de la Red de Integración Latinoamericana _d1° |
|
| 856 | _uhttps://www.uncuyo.edu.ar/relacionesinternacionales/upload/redilaeje15.pdf | ||
| 942 |
_2ddc _cLIBRO DIGI |
||
| 980 |
_619226 _a Palazón Marcela I. _819226 _g Palazón Marcela I. |
||
| 999 |
_c9014 _d9014 |
||